00813nam a2200241 a 450000100100000000500170001000800410002702000180006804000250008608200160011110000280012724500640015526000370021930000210025649000180027750000440029550000380033950400290037783000250040604900090043195201140044099900170055400002265020200930021722.0101014s2007 ht 000 0 cpf d a9789993580973 aDO-SdBNPbspacBNPHU axxxxbR859g1 aRoumain, Jacques94568710aGouverneurs de la Rosée :broman 1944 /cJacques Roumain. aPort-au-Prince :bFardin,c2007. a211 p. ;c22 cm.1 aDu Centenaire aIncluye datos biográficos de la autor aIncluye notas al pie de páginas aBibliografías [p. 211] 0aDu Centenaire946612 aBNPD 001050718MOaGRbGRcCTd2010-10-14iLF1l0oxxxx R859gp22650-10r2020-06-25w2020-06-25y1ZNo se presta c22147d22147